000 00803cab a2200229 4500
001 WB3434-45
008 090401t1998 xxu||||| |||| 00| 0 eng d
035 _a(Sirsi) u88343
041 _aeng
245 _aNegligence risk for `outrageous` fee
260 _c1998
350 _a0
490 _aLaw Society`s Gazette
_v95(33) 3 September 1998, 8(1)
520 _aSolicitors acting for companies are warned that they risk negligence claims if they fail to give advice in property acquisition deals involving assets worth more than £70,000. Government policy is to charge a £10,000 fee for referals to the MMC.
650 _aASSET VALUATION
650 _aMERGERS
650 _aNEGLIGENCE
650 _aSOLICITORS
690 _aPROPERTY LAW AND PRACTICE
942 _n0
948 _c08/09/1998
999 _c55799
_d55799